| 000 | 00682aam a2200253 4500 | ||
|---|---|---|---|
| 005 | 20231010141347.0 | ||
| 008 | 150609b xxu||||| |||| 00| 0 spa d | ||
| 041 | _aEspañol | ||
| 082 | _a155.23 U76a | ||
| 100 |
_aUribe, Enrique _924200 |
||
| 245 | _aAutomotivación: más de 100 ideas para la superación personal | ||
| 260 | _aMéxico | ||
| 260 | _bTrillas | ||
| 260 | _c2002 | ||
| 300 | _a124 páginas | ||
| 650 | _aSUPERACIÓN PERSONAL | ||
| 650 | _aAUTOMOTIVACIÓN | ||
| 650 | _aCOMUNICACIÓN PERSONAL | ||
| 650 | _aFRUSTRACIÓN | ||
| 650 | _aESTRES | ||
| 650 | _aEXITO PERSONAL | ||
| 650 | _aCALIDAD DE VIDA | ||
| 942 |
_cLIT _2ddc |
||
| 999 |
_c1254 _d1254 |
||